[Event "Titled Tue 26th Aug Late"]
[Site "chess.com INT"]
[Date "2025.08.26"]
[Round "6"]
[White "Sobek, Jaroslav"]
[Black "Perelygin, Mikhail"]
[Result "0-1"]
[WhiteTitle "FM"]
[BlackTitle "CM"]
[WhiteElo "2195"]
[BlackElo "2227"]
[WhiteFideId "301388"]
[BlackFideId "24153630"]
[EventDate "2025.08.26"]

1. d4 Nf6 2. c4 e6 3. Bf4 Bb4+ 4. Nd2 b6 5. a3 Bxd2+ 6. Qxd2 Bb7 7. Nf3 O-O 8.
e3 Ne4 9. Qc2 f5 10. h3 d6 11. Bd3 Nd7 12. O-O-O g5 13. Bh2 Ndf6 14. Kb1 a5 15.
d5 exd5 16. Nd4 dxc4 17. Bxc4+ d5 18. Ne6 Qe7 19. Nxf8 dxc4 20. f3 Kxf8 21. Qxc4
Nf2 22. Qc3 Nxd1 23. Rxd1 Rd8 24. Rc1 c5 25. Qc2 Bc8 26. h4 h6 27. hxg5 hxg5 28.
Bg1 Ba6 29. Ka1 Bd3 30. Qc3 c4 31. e4 fxe4 32. fxe4 Kg8 33. Bxb6 Rb8 34. Qxa5
Nxe4 35. Bd4 Rd8 36. Bc5 Nxc5 0-1

[Event "Titled Tue 26th Aug Late"]
[Site "chess.com INT"]
[Date "2025.08.26"]
[Round "6"]
[White "Beznosov, Timofey"]
[Black "Romero Ruscalleda, Josep"]
[Result "1-0"]
[WhiteTitle "CM"]
[BlackTitle "FM"]
[WhiteElo "2131"]
[BlackElo "2110"]
[WhiteFideId "34497951"]
[BlackFideId "2231859"]
[EventDate "2025.08.26"]

1. g4 g6 2. Bg2 Bg7 3. c3 d6 4. h3 Nc6 5. d4 e5 6. e3 Nge7 7. Ne2 O-O 8. Ng3 f5
9. gxf5 Nxf5 10. Nxf5 gxf5 11. Nd2 f4 12. Qh5 Bf5 13. Be4 Ne7 14. Rg1 Bg6 15.
Bxg6 Nxg6 16. Ne4 Qe8 17. Ng5 h6 18. Ne6 Qxe6 19. Rxg6 Rf6 20. Rxf6 Qxf6 21. Bd2
Rf8 22. O-O-O Qf5 23. Qxf5 Rxf5 24. exf4 exd4 25. cxd4 Bxd4 26. Be3 Bb6 27. Bxb6
axb6 28. Rd4 Kf7 29. Kd2 Ke6 30. Ke3 c5 31. Rd3 d5 32. Rb3 d4+ 33. Ke4 Rd5 34.
Rxb6+ Rd6 35. f5+ Kd7 36. Rxd6+ Kxd6 37. b4 b6 38. bxc5+ bxc5 39. a4 h5 40. a5
Kc6 41. f6 Kb5 42. f7 Kxa5 43. f8=Q Kb4 44. Kd5 d3 45. Qxc5+ Kb3 46. Qc4+ Kb2
47. Qxd3 1-0

[Event "Titled Tue 26th Aug Late"]
[Site "chess.com INT"]
[Date "2025.08.26"]
[Round "6"]
[White "Csonka, Balazs"]
[Black "Naroditsky, Daniel"]
[Result "0-1"]
[WhiteTitle "IM"]
[BlackTitle "GM"]
[WhiteElo "2467"]
[BlackElo "2619"]
[WhiteFideId "742910"]
[BlackFideId "2026961"]
[EventDate "2025.08.26"]

1. e4 c5 2. Nf3 Nf6 3. Nc3 d6 4. d4 cxd4 5. Nxd4 a6 6. Bg5 e6 7. f4 Be7 8. Qf3
Qc7 9. O-O-O Nbd7 10. g4 h6 11. Bxf6 gxf6 12. Bg2 Rb8 13. Rhe1 b5 14. Nf5 Bf8
15. Nd5 Qa5 16. Kb1 Bb7 17. Re3 exd5 18. exd5+ Kd8 19. Nd4 Kc7 20. Nc6 Bxc6 21.
dxc6 Nc5 22. Qd5 Rh7 23. Qf5 Rg7 24. Qxf6 Kb6 25. Rxd6 Rc8 26. Rd7 Qb4 27. Rb7+
Ka5 28. c3 Qc4 29. b3 Nxb3 30. axb3 Qxb3+ 31. Ka1 Qa3+ 32. Kb1 Qb3+ 33. Ka1 Rxg4
34. Re2 Ba3 35. Ra2 Qd1# 0-1

[Event "Titled Tue 26th Aug Late"]
[Site "chess.com INT"]
[Date "2025.08.26"]
[Round "6"]
[White "Arkadan, Adib"]
[Black "Rosen, Eric"]
[Result "0-1"]
[WhiteTitle "CM"]
[BlackTitle "IM"]
[WhiteElo "2215"]
[BlackElo "2377"]
[WhiteFideId "5304946"]
[BlackFideId "2032562"]
[EventDate "2025.08.26"]

1. d3 Nf6 2. e4 e5 3. Nf3 Nc6 4. Be2 d5 5. Nbd2 Bc5 6. O-O O-O 7. c3 a5 8. Qc2
Re8 9. b3 h6 10. Bb2 Be6 11. a3 d4 12. cxd4 Bxd4 13. Bxd4 exd4 14. Ne1 Nd7 15.
f4 f5 16. Bh5 Rf8 17. g3 Qe7 18. Bf3 Qc5 19. e5 Rfd8 20. Qb2 Qc3 21. Qxc3 dxc3
22. Nc4 Nc5 23. Bxc6 bxc6 24. Rc1 Nxb3 25. Rxc3 Nd4 26. Kf2 Rab8 27. Nf3 Bxc4
28. Rxc4 Rb2+ 29. Kg1 Ne2+ 30. Kh1 Rxd3 31. Rxc6 Nd4 32. Nxd4 Rxd4 33. Rxc7 Rdd2
34. Rfc1 Rxh2+ 35. Kg1 Rbg2+ 36. Kf1 Ra2 37. Kg1 Rhg2+ 38. Kh1 Rxg3 39. e6 Re2
40. e7 Rge3 41. R1c5 Rd3 42. R5c6 Rd1# 0-1

[Event "Titled Tue 26th Aug Late"]
[Site "chess.com INT"]
[Date "2025.08.26"]
[Round "6"]
[White "Baches Garcia, Guillermo"]
[Black "Reprintsev, Alexander"]
[Result "0-1"]
[WhiteTitle "IM"]
[BlackTitle "IM"]
[WhiteElo "2305"]
[BlackElo "2256"]
[WhiteFideId "2209764"]
[BlackFideId "14100541"]
[EventDate "2025.08.26"]

1. Nf3 Nc6 2. d4 d5 3. Bg5 f6 4. Bh4 Nh6 5. Nbd2 Nf5 6. e3 h5 7. h3 g5 8. Bg3
Nxg3 9. fxg3 e6 10. Bd3 Bd6 11. Nf1 f5 12. c3 Bd7 13. Qe2 Qf6 14. O-O-O O-O-O
15. h4 g4 16. Ng5 e5 17. Qf2 Rde8 18. Bb5 a6 19. Ba4 Bf8 20. dxe5 Rxe5 21. Bb3
Ne7 22. e4 Kb8 23. Ne3 Bh6 24. Nxd5 Nxd5 25. Rxd5 Rxd5 26. exd5 Bxg5+ 27. hxg5
Qxg5+ 28. Qd2 Qf6 29. Qf4 h4 30. gxh4 Rxh4 31. Rd1 g3 32. Qxg3 Rg4 33. Qf2 Qg5+
34. Kb1 Rxg2 35. Qc5 f4 36. Qf8+ Bc8 37. d6 Qf5+ 38. Ka1 Qxf8 0-1

[Event "Titled Tue 26th Aug Late"]
[Site "chess.com INT"]
[Date "2025.08.26"]
[Round "6"]
[White "Carlsen, Magnus"]
[Black "Drygalov, Andrey"]
[Result "1-0"]
[WhiteTitle "GM"]
[BlackTitle "GM"]
[WhiteElo "2839"]
[BlackElo "2431"]
[WhiteFideId "1503014"]
[BlackFideId "24171735"]
[EventDate "2025.08.26"]

1. c4 e5 2. g3 Nf6 3. Bg2 d5 4. cxd5 Nxd5 5. Nc3 Nb6 6. Nf3 Nc6 7. O-O Be7 8. a3
O-O 9. b4 Re8 10. Rb1 Bf8 11. d3 Nd4 12. Ne4 c6 13. Bg5 Nxf3+ 14. Bxf3 f6 15.
Bd2 Bh3 16. Qb3+ Be6 17. Qc2 Bd5 18. Bg4 Bf7 19. Nc5 Qc7 20. e4 Rad8 21. Be3 Nc8
22. Rfc1 Nd6 23. a4 a6 24. h4 g6 25. Bh3 f5 26. Qe2 Bg7 27. Bg5 Ra8 28. h5 Qc8
29. h6 Bf8 30. exf5 gxf5 31. Ne4 Nxe4 32. dxe4 Be6 33. b5 axb5 34. axb5 fxe4 35.
bxc6 bxc6 36. Bxe6+ Qxe6 37. Qxe4 Qd5 38. Qh4 e4 39. Be3 Qe6 40. Qg5+ Kf7 41.
Rb7+ Re7 42. Rxe7+ Qxe7 43. Qf5+ Kg8 44. Rxc6 Re8 45. Rf6 1-0

[Event "Titled Tue 26th Aug Late"]
[Site "chess.com INT"]
[Date "2025.08.26"]
[Round "6"]
[White "Ciocan, Maria-Alexandra"]
[Black "Nassr, Ahmed"]
[Result "0-1"]
[WhiteTitle "WCM"]
[BlackTitle "IM"]
[WhiteElo "1998"]
[BlackElo "2153"]
[WhiteFideId "1227130"]
[BlackFideId "7904860"]
[EventDate "2025.08.26"]

1. e4 c5 2. Nf3 e6 3. d3 Nc6 4. g3 Nf6 5. Bg2 Be7 6. O-O O-O 7. Re1 d5 8. e5 Nd7
9. h4 b5 10. Bf4 a5 11. h5 b4 12. h6 g6 13. Nbd2 a4 14. a3 bxa3 15. bxa3 Ba6 16.
Nf1 Rb8 17. Ne3 Rb2 18. Qc1 Qb6 19. Ng4 Nd4 20. Nxd4 cxd4 21. Bg5 Bxg5 22. Qxg5
Qd8 23. Nf6+ Nxf6 24. exf6 Rxc2 25. Rad1 Rc3 26. Bh3 Bc8 27. Qe5 Qb6 28. Bf1 Bd7
29. Ra1 Rfc8 30. Red1 Rb3 31. Bg2 Qa7 32. f4 Qb8 33. Qe2 Qd6 34. Rdc1 Rcc3 35.
Rxc3 dxc3 36. d4 Qb6 0-1

[Event "Titled Tue 26th Aug Late"]
[Site "chess.com INT"]
[Date "2025.08.26"]
[Round "6"]
[White "Liu, Zachary Hankun"]
[Black "Kaufman, David"]
[Result "0-1"]
[BlackTitle "IM"]
[WhiteElo "1998"]
[BlackElo "2447"]
[WhiteFideId "2640287"]
[BlackFideId "34220194"]
[EventDate "2025.08.26"]

1. e4 c5 2. Nf3 d6 3. d4 cxd4 4. Nxd4 Nf6 5. Nc3 a6 6. Bg5 Nbd7 7. Qe2 e6 8. f4
Qc7 9. O-O-O b5 10. a3 Be7 11. g4 h6 12. Bxf6 Nxf6 13. Bg2 Bb7 14. h4 Nd7 15. g5
Nc5 16. g6 O-O-O 17. gxf7 Bf6 18. e5 dxe5 19. fxe5 Bxe5 20. Bxb7+ Kxb7 21. Qg2+
Kb6 22. Nxe6 Nxe6 23. Nd5+ Rxd5 24. Qxd5 Nf4 25. Qe4 Rf8 26. Rhe1 Bf6 27. Qe8
Rxf7 28. Re4 g5 29. hxg5 hxg5 30. Kb1 Rh7 31. Rde1 Rh2 32. Rc1 Rd2 33. Ree1 Rd6
34. Qe3+ Qc5 35. Qe8 Qd4 36. Qb8+ Ka5 37. Qc7+ Qb6 0-1

[Event "Titled Tue 26th Aug Late"]
[Site "chess.com INT"]
[Date "2025.08.26"]
[Round "6"]
[White "Shton, Roman"]
[Black "Heinichen R., John Derek"]
[Result "1-0"]
[BlackTitle "CM"]
[WhiteElo "2081"]
[BlackElo "1966"]
[WhiteFideId "14137461"]
[BlackFideId "3700976"]
[EventDate "2025.08.26"]

1. d4 Nf6 2. Nf3 c5 3. d5 g6 4. Nc3 Bg7 5. e4 O-O 6. e5 Ne8 7. h4 d6 8. e6 fxe6
9. h5 exd5 10. hxg6 hxg6 11. Nxd5 Nf6 12. Bc4 e6 13. Nf4 d5 14. Bd3 e5 15. Nxg6
e4 16. Nxf8 Qxf8 17. Ng5 Ng4 18. f3 exd3 19. fxg4 Qe7+ 20. Kf1 Qe2+ 21. Qxe2
dxe2+ 22. Kxe2 Bxg4+ 23. Nf3 Nc6 24. c3 Re8+ 25. Kf2 d4 26. Bd2 dxc3 27. Bxc3
Nd4 28. Rae1 Rf8 29. Bxd4 Bxd4+ 30. Kg3 Bxf3 31. gxf3 Rf6 32. Re8+ Kf7 33. Re2
a5 34. Rh7+ Kg6 35. Rxb7 Rf5 36. Rb6+ Kg7 37. Re7+ Kf8 38. Ra7 Kg8 39. Rb8+ Rf8
40. Rxf8+ Kxf8 41. Rxa5 Bxb2 42. Rxc5 Bd4 43. Rc6 Ke7 44. Kf4 Kd7 45. Rg6 Bb2
46. Ke4 Ke7 47. f4 Kf7 48. f5 Ke7 49. a4 Kf7 50. a5 Ba3 51. a6 1-0

[Event "Titled Tue 26th Aug Late"]
[Site "chess.com INT"]
[Date "2025.08.26"]
[Round "6"]
[White "Ibarra Jerez, Jose Carlos"]
[Black "Niemann, Hans Moke"]
[Result "0-1"]
[WhiteTitle "GM"]
[BlackTitle "GM"]
[WhiteElo "2545"]
[BlackElo "2736"]
[WhiteFideId "2226332"]
[BlackFideId "2093596"]
[EventDate "2025.08.26"]

1. e4 c6 2. Nf3 d5 3. d3 Bg4 4. h3 Bh5 5. Be2 e6 6. O-O Nd7 7. Bf4 Ngf6 8. e5
Ng8 9. d4 Ne7 10. c3 h6 11. Nbd2 Bg6 12. b4 a5 13. b5 c5 14. a4 Rc8 15. Qb3 Nf5
16. g4 Nh4 17. Nxh4 Qxh4 18. Kg2 cxd4 19. cxd4 Bb4 20. Nf3 Be4 21. Rfc1 O-O 22.
Qe3 Qe7 23. Kg3 g5 24. Nxg5 hxg5 25. Bxg5 f6 26. exf6 Bd6+ 27. f4 Nxf6 28. Rxc8
Rxc8 29. Rc1 Rf8 30. Bh6 Re8 31. g5 Nh7 32. Bh5 Rd8 33. h4 Nf8 34. Qe2 Qh7 35.
Qg4 Bf5 36. Qe2 Be4 37. Qg4 Bf5 38. Qe2 Kh8 39. Bxf8 Rxf8 40. Qe3 Qxh5 0-1

[Event "Titled Tue 26th Aug Late"]
[Site "chess.com INT"]
[Date "2025.08.26"]
[Round "6"]
[White "Sakhayi, Mostafa"]
[Black "Kulik, Nicolas"]
[Result "1-0"]
[WhiteTitle "CM"]
[WhiteElo "2166"]
[BlackElo "2111"]
[WhiteFideId "12512532"]
[BlackFideId "3009530"]
[EventDate "2025.08.26"]

1. d4 g6 2. e4 Bg7 3. Nf3 d6 4. Bc4 a6 5. O-O b5 6. Bb3 Bb7 7. Qe2 Nd7 8. Re1 e6
9. a4 b4 10. Nbd2 Ne7 11. h4 c5 12. Nc4 Qc7 13. e5 dxe5 14. dxe5 O-O 15. Bf4 Nd5
16. Bg3 h5 17. a5 Rad8 18. Rad1 Nb8 19. Nd6 Nc6 20. Bxd5 exd5 21. e6 Rxd6 22.
exf7+ Kh8 23. Rxd5 Nd4 24. Rxd4 cxd4 25. Ng5 Qc6 26. f3 Rd7 27. Be5 Rdxf7 28.
Nxf7+ Rxf7 29. Qd2 Kh7 30. Bxg7 Rxg7 31. Qxd4 Qxc2 32. Re5 Qc7 33. Qf4 Qf7 34.
Qg5 Qa2 35. Kh2 Qxb2 36. Re8 Qb3 37. Qd8 Kh6 38. Rh8+ Rh7 39. Qf8# 1-0

[Event "Titled Tue 26th Aug Late"]
[Site "chess.com INT"]
[Date "2025.08.26"]
[Round "6"]
[White "Zouaghi, Amir"]
[Black "Ostrovskiy, Aleksandr"]
[Result "1-0"]
[WhiteTitle "FM"]
[BlackTitle "IM"]
[WhiteElo "2301"]
[BlackElo "2366"]
[WhiteFideId "249262"]
[BlackFideId "2034239"]
[EventDate "2025.08.26"]

1. d4 Nf6 2. Nf3 c5 3. e3 cxd4 4. exd4 d5 5. c3 Nc6 6. Bd3 Bg4 7. O-O e6 8. h3
Bh5 9. Re1 Bd6 10. Be3 Qc7 11. Nbd2 O-O-O 12. b4 Rhg8 13. Qa4 g5 14. Bxg5 Be7
15. b5 Na5 16. Rac1 Kb8 17. Bh4 Bxf3 18. Nxf3 b6 19. c4 dxc4 20. Bxc4 Nxc4 21.
Rxc4 Qb7 22. Bg3+ Bd6 23. Ne5 Bxe5 24. Bxe5+ Ka8 25. Bg3 Nd5 26. Rec1 Rd7 27.
Qc2 Rdd8 28. Rc6 Nb4 29. Qe4 h5 30. a3 Nd5 31. h4 Rg4 32. Qc2 Rgg8 33. Qa4 Rd7
34. Qc2 Rdd8 35. Qe4 Ne7 36. a4 Rd7 37. Qf3 Nd5 38. Qa3 Ne7 39. a5 bxa5 40. Qxa5
Rd5 41. Rc7 Rxb5 42. Rxb7 Rxa5 43. Rxe7 1-0

[Event "Titled Tue 26th Aug Late"]
[Site "chess.com INT"]
[Date "2025.08.26"]
[Round "6"]
[White "Paduano, Claudio"]
[Black "Gavilan Diaz, Mario"]
[Result "0-1"]
[WhiteTitle "FM"]
[BlackTitle "FM"]
[WhiteElo "2280"]
[BlackElo "2195"]
[WhiteFideId "2806393"]
[BlackFideId "2260905"]
[EventDate "2025.08.26"]

1. d4 Nf6 2. c4 e6 3. Nf3 b6 4. a3 Ba6 5. Qc2 Bb7 6. Nc3 c5 7. e4 cxd4 8. Nxd4
Nc6 9. Nxc6 Bxc6 10. e5 Ng4 11. Bf4 Bc5 12. Bg3 Bd4 13. h3 Nxe5 14. O-O-O Qg5+
15. Kb1 Bc5 16. h4 Qf6 17. b4 Be7 18. h5 O-O 19. Bh4 Qf4 20. Bxe7 Nxc4 21. Bxc4
Qxc4 22. Bxf8 Rxf8 23. Rhe1 d5 24. h6 d4 25. hxg7 Rc8 26. Ne4 Qxc2+ 27. Kxc2
Bxe4+ 28. Kb2 Rc2+ 29. Ka1 Bd5 30. Rxd4 Kxg7 31. Rg4+ Kf6 32. f3 Ra2+ 33. Kb1
Rxa3 34. Rh4 Kg6 35. Kc2 h5 36. Reh1 Ra2+ 37. Kc3 Rxg2 0-1

[Event "Titled Tue 26th Aug Late"]
[Site "chess.com INT"]
[Date "2025.08.26"]
[Round "6"]
[White "Hejazipour, Mitra"]
[Black "Kao, Jamison Edrich"]
[Result "0-1"]
[WhiteTitle "WGM"]
[BlackTitle "CM"]
[WhiteElo "2329"]
[BlackElo "2081"]
[WhiteFideId "12505951"]
[BlackFideId "6007937"]
[EventDate "2025.08.26"]

1. c4 Nf6 2. Nc3 g6 3. d4 Bg7 4. e4 d6 5. Nf3 O-O 6. Be2 Na6 7. O-O e5 8. h3
exd4 9. Nxd4 Re8 10. Bf3 Nc5 11. Re1 Ne6 12. Nxe6 Bxe6 13. Nd5 Nd7 14. Be2 Nc5
15. Qc2 f5 16. exf5 Bxf5 17. Qd1 c6 18. Nc3 Qf6 19. Be3 Rad8 20. Qd2 Qf7 21.
Rad1 a5 22. Bxc5 dxc5 23. Qxd8 Rxd8 24. Rxd8+ Bf8 25. Bg4 Bxg4 26. hxg4 Kg7 27.
Ree8 Be7 28. Rb8 Bd6 29. Rbd8 Be7 30. Rc8 Bf6 31. Ne4 Bd4 32. g5 h6 33. Rg8+ Kh7
34. Rcf8 Qxc4 35. Nf6+ Bxf6 36. gxf6 Qxg8 37. Rxg8 Kxg8 38. Kf1 Kf7 39. Ke2 Kxf6
40. Kd3 Ke5 41. Kc4 Kd6 42. g4 b5+ 43. Kd3 Ke5 44. Ke3 g5 45. f3 c4 46. a3 c5
47. Ke2 Kf4 48. Kf2 b4 49. axb4 cxb4 50. Ke2 a4 51. Kd2 a3 52. bxa3 bxa3 53. Kc3
Kxf3 54. Kxc4 Kxg4 55. Kb3 h5 56. Kxa3 h4 57. Kb3 h3 58. Kc3 h2 59. Kd4 h1=Q 60.
Ke5 Qf3 61. Kd4 Kh5 62. Ke5 g4 0-1

[Event "Titled Tue 26th Aug Late"]
[Site "chess.com INT"]
[Date "2025.08.26"]
[Round "6"]
[White "Jasinski, Alexander"]
[Black "Motola, Jacopo"]
[Result "1-0"]
[BlackTitle "FM"]
[WhiteElo "2063"]
[BlackElo "2333"]
[WhiteFideId "55627994"]
[BlackFideId "863190"]
[EventDate "2025.08.26"]

1. e4 b6 2. d4 Bb7 3. Nc3 e6 4. Be3 Bb4 5. f3 Nf6 6. Bd3 O-O 7. Ne2 d5 8. e5
Nfd7 9. O-O c5 10. a3 Bxc3 11. Nxc3 cxd4 12. Bxd4 Nc6 13. Bb5 Ndxe5 14. f4 Nxd4
15. Qxd4 Nc6 16. Bxc6 Bxc6 17. f5 exf5 18. Rxf5 Rc8 19. Raf1 Bb7 20. h3 Rc4 21.
Qd3 Qc7 22. Kh1 d4 23. Nb5 Qc6 24. Qg3 Rxc2 25. Rg5 Qh6 26. Rg1 Rxb2 27. Nd6 Bc6
28. Nf5 Qf6 29. Rxg7+ Kh8 30. Rg5 Be4 31. Qh4 Qe5 32. Nh6 Qe6 33. Rg3 Bg6 34.
Qxd4+ f6 35. Qxb2 Rd8 36. Ng4 Kg7 37. Nf2 Qd6 38. Rf3 Rf8 39. Rd1 Qc5 40. Rd7+
Kh8 41. Rd1 Kg7 42. g4 Qc6 43. Kg2 Bf7 44. Qd4 Bd5 45. Qxd5 Qc7 46. Qd7+ 1-0

[Event "Titled Tue 26th Aug Late"]
[Site "chess.com INT"]
[Date "2025.08.26"]
[Round "6"]
[White "Shapiro, Daniel"]
[Black "Estrada Nieto, Julian"]
[Result "0-1"]
[WhiteTitle "FM"]
[BlackTitle "IM"]
[WhiteElo "2284"]
[BlackElo "2182"]
[WhiteFideId "2001780"]
[BlackFideId "5101018"]
[EventDate "2025.08.26"]

1. d4 d5 2. c4 dxc4 3. e4 e5 4. Nf3 exd4 5. Bxc4 Nc6 6. O-O Be6 7. Bxe6 fxe6 8.
Qb3 Qd7 9. Qxb7 Rb8 10. Qa6 Nge7 11. Nbd2 Ng6 12. Qc4 Bd6 13. Nb3 Nge5 14. Nxe5
Nxe5 15. Qa6 c5 16. f4 Ng6 17. e5 Be7 18. Bd2 O-O 19. Rac1 Qd5 20. Qc4 Rfd8 21.
Qxd5 Rxd5 22. Rc4 Nh4 23. g3 Nf5 24. Kf2 g5 25. Kf3 gxf4 26. gxf4 Kf7 27. Rfc1
h5 28. Ke4 Rb7 29. Nxc5 Rxb2 30. Nb3 Rxa2 31. Bb4 Re2+ 32. Kd3 Re3+ 33. Kc2 Re2+
34. Kb1 Re3 35. Kb2 d3 36. Rc7 d2 37. Nxd2 Re2 38. R1c2 Ne3 39. Bxe7 Nxc2 0-1

[Event "Titled Tue 26th Aug Late"]
[Site "chess.com INT"]
[Date "2025.08.26"]
[Round "6"]
[White "Montano Vicente, Guadalupe"]
[Black "Poeta, Caio Medeiros"]
[Result "0-1"]
[WhiteElo "1990"]
[BlackElo "2160"]
[WhiteFideId "5181399"]
[BlackFideId "2142660"]
[EventDate "2025.08.26"]

1. e4 c5 2. Nf3 d6 3. d4 cxd4 4. Nxd4 Nf6 5. Nc3 g6 6. Be3 Bg7 7. Be2 Nc6 8. Qd2
O-O 9. f3 d5 10. O-O-O Nxd4 11. Bxd4 dxe4 12. fxe4 Be6 13. Bf3 Qa5 14. a3 Rac8
15. Nd5 Qxd2+ 16. Rxd2 Bxd5 17. exd5 Bh6 18. Rd1 a6 19. Bxf6 exf6 20. Kb1 Bxd2
21. Rxd2 Rfd8 22. Rd3 Rd6 23. a4 f5 24. b3 Kg7 25. c4 b5 26. axb5 axb5 27. Rd4
bxc4 28. bxc4 Kf6 29. Kc2 Ke5 30. Kc3 Ra6 31. Rd2 Kd6 32. Kd4 Ra4 33. Rc2 g5 34.
h3 f6 35. Kd3 Kc5 36. Bh5 Ra3+ 37. Kd2 Rb8 38. Bf7 Rbb3 39. Be6 h5 40. Bxf5 Rb4
41. g4 Rxc4 42. gxh5 Rxc2+ 43. Kxc2 Kxd5 44. h6 Ke5 45. h7 Ra8 46. Bd3 Rh8 47.
Bg6 f5 48. Kd2 Kf6 49. Bh5 Rxh7 0-1

[Event "Titled Tue 26th Aug Late"]
[Site "chess.com INT"]
[Date "2025.08.26"]
[Round "6"]
[White "Bulgak, Damir"]
[Black "Atakhan, Abtin"]
[Result "1-0"]
[WhiteTitle "CM"]
[BlackTitle "IM"]
[WhiteElo "2254"]
[BlackElo "2388"]
[WhiteFideId "13528882"]
[BlackFideId "22502203"]
[EventDate "2025.08.26"]

1. e4 e5 2. Nf3 Nc6 3. Bc4 Nf6 4. d3 Bc5 5. O-O d6 6. c3 a6 7. Re1 Ba7 8. a4 h6
9. h3 O-O 10. d4 exd4 11. cxd4 Nxe4 12. Rxe4 d5 13. Bxd5 Qxd5 14. Nc3 Qd8 15. d5
Ne7 16. Bf4 Bf5 17. Re1 Rc8 18. Qb3 Ng6 19. Bg3 Bc5 20. Rad1 b6 21. Nd4 Bd7 22.
Ne6 Bxe6 23. dxe6 Qf6 24. Ne4 Qf5 25. Nxc5 Qxc5 26. exf7+ Rxf7 27. Rd7 Qf5 28.
Red1 Nf8 29. Re7 Ng6 30. Rxf7 Qxf7 31. Qxf7+ Kxf7 32. Rd7+ Kf6 33. Rxc7 Rxc7 34.
Bxc7 b5 35. axb5 axb5 36. f4 Kf5 37. g4+ Ke4 38. f5 Ne7 39. Kf2 Nd5 40. Bd6 h5
41. Kg3 hxg4 42. hxg4 Nf6 43. Bf8 Ne8 44. Kh4 Ke5 45. Kg5 Ke4 46. Kg6 Kf4 47. g5
Kg4 48. Bxg7 Kf4 49. f6 1-0

[Event "Titled Tue 26th Aug Late"]
[Site "chess.com INT"]
[Date "2025.08.26"]
[Round "6"]
[White "Oluka Robert Mcligeyo"]
[Black "Schuster, Karsten"]
[Result "1-0"]
[WhiteTitle "CM"]
[BlackTitle "FM"]
[WhiteElo "2081"]
[BlackElo "2266"]
[WhiteFideId "10814647"]
[BlackFideId "4611071"]
[EventDate "2025.08.26"]

1. Nf3 f5 2. c4 Nf6 3. g3 g6 4. Bg2 Bg7 5. O-O O-O 6. d3 d6 7. d4 Qe8 8. Nc3 c6
9. Re1 e5 10. e4 f4 11. gxf4 exd4 12. Nxd4 Nh5 13. f5 gxf5 14. exf5 Qf7 15. Ne6
Bxe6 16. fxe6 Qxf2+ 17. Kh1 Be5 18. Rf1 Qh4 19. Rxf8+ Kxf8 20. Qf3+ Nf6 21. h3
Qe1+ 22. Bf1 Qg3 23. Qxg3 Bxg3 24. Bg5 Be5 25. Bd3 Ke7 26. Bf5 Na6 27. Re1 Rf8
28. h4 Nc5 29. Ne4 Nxe4 30. Rxe4 h5 31. c5 Bxb2 32. Rb4 Bc3 33. Rxb7+ Kd8 34.
e7+ Ke8 35. exf8=Q+ Kxf8 36. Bxf6 Bxf6 37. cxd6 c5 38. Rc7 Bd4 39. d7 Ke7 40.
Rc8 Kf6 41. d8=Q+ Kxf5 42. Qd5+ Kg4 43. Rxc5 Kh3 44. Qg2+ Kxh4 45. Rc4 a5 46.
Rxd4# 1-0

[Event "Titled Tue 26th Aug Late"]
[Site "chess.com INT"]
[Date "2025.08.26"]
[Round "6"]
[White "Vasynda, Oleksandr"]
[Black "Rorrer, Grayson"]
[Result "0-1"]
[WhiteTitle "FM"]
[BlackTitle "IM"]
[WhiteElo "2209"]
[BlackElo "2426"]
[WhiteFideId "14176297"]
[BlackFideId "30944996"]
[EventDate "2025.08.26"]

1. Nc3 d5 2. e4 dxe4 3. Nxe4 Nf6 4. Nxf6+ exf6 5. d4 Bd6 6. Bd3 O-O 7. Ne2 Re8
8. O-O Nd7 9. Bf4 Nf8 10. c3 Bg4 11. f3 Bh5 12. Qd2 Ne6 13. Bxd6 Qxd6 14. Rae1
Rad8 15. Bc4 c6 16. f4 Bxe2 17. Rxe2 Nc7 18. Rfe1 Kf8 19. g3 a5 20. Kf2 b5 21.
Bb3 c5 22. Bc2 g6 23. Rxe8+ Nxe8 24. Rd1 Nc7 25. Qe3 c4 26. Qf3 Nd5 27. Be4 Ne7
28. Re1 h5 29. f5 Kg7 30. Bc2 g5 31. h4 g4 32. Qe4 Nd5 33. Qg2 b4 34. Qf1 bxc3
35. bxc3 Rc8 36. Qe2 Nxc3 37. Qd2 Nb5 38. d5 c3 39. Qd3 Qc5+ 40. Kg2 Nd4 41. Rd1
Qxd5+ 42. Kh2 Nf3+ 43. Kh1 Qxd3 44. Rxd3 Ne1 45. Rxc3 Rxc3 0-1

[Event "Titled Tue 26th Aug Late"]
[Site "chess.com INT"]
[Date "2025.08.26"]
[Round "6"]
[White "Storey, Charles H"]
[Black "Arabidze, Meri"]
[Result "0-1"]
[WhiteTitle "FM"]
[BlackTitle "IM"]
[WhiteElo "2095"]
[BlackElo "2444"]
[WhiteFideId "406686"]
[BlackFideId "13604040"]
[EventDate "2025.08.26"]

1. c4 e6 2. g3 d5 3. Bg2 Nf6 4. Nf3 dxc4 5. Qa4+ Nbd7 6. Qxc4 c5 7. d4 Nb6 8.
Qd3 cxd4 9. Qxd4 Qxd4 10. Nxd4 Bb4+ 11. Bd2 Bc5 12. Nb3 Bd6 13. Na5 Rb8 14. Nc3
a6 15. Be3 Nbd5 16. Nxd5 Nxd5 17. Bxd5 exd5 18. O-O-O Bf5 19. Rxd5 Rc8+ 20. Kd1
Be4 21. Rxd6 Bxh1 22. f3 O-O 23. Nxb7 Rfe8 24. Rd3 Rb8 25. Nd6 Red8 26. b3 h6
27. Ke1 g5 28. Kf2 g4 29. Bxh6 gxf3 30. exf3 Rbc8 31. Rd2 Rc6 32. Bf4 Rc3 33.
Be3 Rc6 34. Bf4 Rc3 35. Be3 Rd7 36. Ne4 Rxd2+ 37. Bxd2 Rxf3+ 38. Kg1 f5 39. Ng5
Rd3 40. Kxh1 Rxd2 41. a4 Rb2 0-1

[Event "Titled Tue 26th Aug Late"]
[Site "chess.com INT"]
[Date "2025.08.26"]
[Round "6"]
[White "Taylor, Tristan"]
[Black "Przybylski, Wojciech"]
[Result "1-0"]
[BlackTitle "FM"]
[WhiteElo "1973"]
[BlackElo "2340"]
[WhiteFideId "2635054"]
[BlackFideId "1117599"]
[EventDate "2025.08.26"]

1. e4 c6 2. d4 d5 3. e5 Bf5 4. Nf3 e6 5. Be2 Nd7 6. O-O Ne7 7. c4 c5 8. Nc3 dxc4
9. Bg5 f6 10. exf6 gxf6 11. Be3 Bg7 12. Bxc4 O-O 13. dxc5 Ne5 14. Nxe5 fxe5 15.
Qxd8 Raxd8 16. Bg5 Rd7 17. Rad1 Rxd1 18. Rxd1 Nc6 19. Rd7 e4 20. Bb3 Na5 21. Kf1
Rc8 22. Be3 Bf8 23. h3 h5 24. Ne2 Nxb3 25. axb3 Bxc5 26. Nd4 Bxd4 27. Bxd4 b5
28. Rg7+ Kf8 29. Rxa7 Rc2 30. b4 e3 31. Bc5+ Kg8 32. fxe3 Bd3+ 33. Ke1 Rxg2 34.
Re7 Bc4 35. Bd4 Rh2 36. h4 Rxh4 37. Rg7+ Kf8 38. Rc7 Rh1+ 39. Kf2 Rh3 40. Kg2
Rh4 41. Kf3 Bd5+ 42. Kg3 Rg4+ 43. Kh3 Ke8 44. Rh7 Bf3 45. Bc5 1-0